Délmagyarország. - 1927. október 13., Csütörtök
Elmentve itt :
| Dokumentumtípus: | Újság |
|---|---|
| Megjelent: |
1927-10-13
|
| Sorozat: | Délmagyarország
3 No. 234 |
| Online Access: | http://dmarchiv.bibl.u-szeged.hu/5421 |
| LEADER | 00492nas a2200145 i 4500 | ||
|---|---|---|---|
| 001 | delm5421 | ||
| 005 | 20200414150946.0 | ||
| 008 | 171213s1927 hu n o 0|| hun d | ||
| 022 | |a 0133-025X | ||
| 040 | |a SZTE Délmagyarország Archívum |b hun | ||
| 041 | |a hun | ||
| 245 | 0 | 0 | |a Délmagyarország. - 1927. október 13., Csütörtök |h [elektronikus dokumentum] |
| 260 | |c 1927-10-13 | ||
| 490 | 0 | |a Délmagyarország |v 3 No. 234 | |
| 856 | 4 | 0 | |u http://dmarchiv.bibl.u-szeged.hu/5421/1/dm_1927_234.pdf |z Dokumentum-elérés |